[Event "Wch Juvenil 2013 sub-16 femenino"]
[Site "Al-Ain UAE"]
[Date "2013.12.21"]
[Round "4.5"]
[White "Mahalakshmi, M."]
[Black "Uzlavataya, Anhelina"]
[Result "1/2-1/2"]
[WhiteElo "2110"]
[BlackElo "1892"]
[PlyCount "119"]
[EventDate "2013.12.19"]
[EventType "swiss"]
[EventRounds "11"]
[EventCountry "UAE"]
[Source "lmi"]
[SourceDate "2013.12.19"]

1. d4 Nf6 2. c4 c5 3. d5 e6 4. Nc3 exd5 5. cxd5 d6 6. e4 g6 7. h3 Bg7 8. Nf3
O-O 9. Bd3 b5 10. Nxb5 Nxe4 11. Bxe4 Re8 12. O-O Rxe4 13. Re1 Rxe1+ 14. Qxe1
Ba6 15. Bg5 Qd7 16. Nc3 h6 17. Bf4 Bb7 18. Qd2 g5 19. Bh2 Na6 20. Ne4 Nc7 21.
Bxd6 Nxd5 22. Nxc5 Qxd6 23. Nxb7 Qc6 24. Na5 Qb5 25. Nb3 Nf4 26. Re1 Qb6 27.
Qd7 Ne6 28. Qd2 Rd8 29. Qa5 Bxb2 30. Rb1 Bg7 31. Qxb6 axb6 32. Nbd2 Ra8 33.
Rxb6 Rxa2 34. Ne4 Ra1+ 35. Kh2 Ra7 36. Ng3 Ra2 37. Kg1 Nd4 38. Nxd4 Bxd4 39.
Rxh6 Bxf2+ 40. Kh2 Ra5 41. Rd6 Bd4 42. Ne4 Kg7 43. Kg3 f6 44. Rc6 Be5+ 45. Kf3
Ra3+ 46. Kf2 Kg6 47. Rc2 Kf5 48. Nd2 Bd4+ 49. Ke2 Re3+ 50. Kf1 Ra3 51. Nf3 Ba7
52. Ke2 Kf4 53. Rc1 Kf5 54. Rc2 Re3+ 55. Kf1 Re4 56. Ra2 Be3 57. Re2 Kf4 58.
Nd2 Bxd2 59. Rxd2 Ra4 60. Kf2 1/2-1/2

[Event "Wch Juvenil 2013 sub-16 femenino"]
[Site "Al-Ain UAE"]
[Date "2013.12.21"]
[Round "4.6"]
[White "Paramzina, Anastasya"]
[Black "Baldi, Valentine"]
[Result "0-1"]
[WhiteElo "2111"]
[BlackElo "1877"]
[PlyCount "98"]
[EventDate "2013.12.19"]
[EventType "swiss"]
[EventRounds "11"]
[EventCountry "UAE"]
[Source "lmi"]
[SourceDate "2013.12.19"]

1. e4 c6 2. d4 d5 3. Nc3 dxe4 4. Nxe4 Bf5 5. Ng3 Bg6 6. h4 h6 7. Nf3 Nd7 8. h5
Bh7 9. Bd3 Bxd3 10. Qxd3 e6 11. Bd2 Qc7 12. O-O-O O-O-O 13. Ne4 Ngf6 14. g3
Nxe4 15. Qxe4 Nf6 16. Qd3 Bd6 17. c4 Qe7 18. Qe2 Kb8 19. Kb1 Rc8 20. a3 c5 21.
Bc3 Rhd8 22. Rd2 Qc7 23. Rhd1 Ka8 24. Ka1 a6 25. dxc5 Bxc5 26. Ne5 Qe7 27. g4
Rxd2 28. Qxd2 Ne4 29. Qc2 Nxc3 30. Rd7 Qe8 31. Qxc3 f6 32. Qf3 Rb8 33. Nd3 Qxd7
34. Nxc5 Qd6 35. Nb3 Rd8 36. Ka2 Qc6 37. Qc3 Rc8 38. Na5 Qb6 39. f4 Rd8 40. c5
Qb5 41. Nb3 Rd3 42. Qc2 e5 43. fxe5 fxe5 44. Nd2 Rd4 45. Nb3 Qc4 46. Qg6 e4 47.
c6 Rd3 48. cxb7+ Ka7 49. Qb6+ Kb8 0-1

[Event "Wch Juvenil 2013 sub-16 femenino"]
[Site "Al-Ain UAE"]
[Date "2013.12.21"]
[Round "4.7"]
[White "Rodionova, Polina"]
[Black "Harutyunyan, Ani"]
[Result "0-1"]
[WhiteElo "2095"]
[BlackElo "1916"]
[PlyCount "112"]
[EventDate "2013.12.19"]
[EventType "swiss"]
[EventRounds "11"]
[EventCountry "UAE"]
[Source "lmi"]
[SourceDate "2013.12.19"]

1. c4 c5 2. Nf3 Nc6 3. d4 cxd4 4. Nxd4 g6 5. Nc3 Bg7 6. Nb3 d6 7. e4 Nf6 8. Be2
O-O 9. Be3 Be6 10. f4 Na5 11. Nd2 Nd7 12. Rc1 Nc6 13. Nf3 Nc5 14. e5 Qa5 15.
exd6 Rfd8 16. Bd2 Qb6 17. Nd5 Bxd5 18. cxd5 Ne4 19. Rf1 Nxd2 20. Nxd2 Nd4 21.
Nc4 Qb4+ 22. Qd2 Qxd2+ 23. Kxd2 exd6 24. Bd3 b6 25. b4 Rac8 26. Na3 a5 27. Rxc8
Rxc8 28. Nc4 axb4 29. Rb1 Nb5 30. Nxb6 Bc3+ 31. Kd1 Rc5 32. Ke2 Nc7 33. Bc4 Na8
34. Nxa8 Rxc4 35. g3 Rc5 36. Nb6 Rb5 37. Nd7 Rxd5 38. Rd1 Ra5 39. Rxd6 Rxa2+
40. Ke3 Rxh2 41. Nc5 Rg2 42. Kf3 Rd2 43. Rb6 h5 44. Na6 Rb2 45. f5 Kg7 46. fxg6
f6 47. Nc5 Kxg6 48. Nd3 Rb3 49. Ke4 Kg5 50. Nc1 Rb1 51. Ne2 Be5 52. Rb5 Kg4 53.
Rb7 b3 54. Rg7+ Kh3 55. Rh7 b2 56. Rxh5+ Kg2 0-1

[Event "Wch Juvenil 2013 sub-16 femenino"]
[Site "Al-Ain UAE"]
[Date "2013.12.21"]
[Round "4.8"]
[White "Malassagne, Isabelle"]
[Black "Narzikulova, Gulhae"]
[Result "0-1"]
[WhiteElo "2043"]
[BlackElo "1769"]
[PlyCount "74"]
[EventDate "2013.12.19"]
[EventType "swiss"]
[EventRounds "11"]
[EventCountry "UAE"]
[Source "lmi"]
[SourceDate "2013.12.19"]

1. d4 Nf6 2. c4 c5 3. d5 e6 4. Nc3 exd5 5. cxd5 d6 6. e4 g6 7. Nge2 Bg7 8. Ng3
O-O 9. Be2 a6 10. a4 Nbd7 11. O-O Re8 12. Bg5 Rb8 13. Qd2 Qc7 14. f4 h6 15. Bh4
c4 16. a5 b5 17. axb6 Qxb6+ 18. Kh1 Qxb2 19. Qxb2 Rxb2 20. Bxc4 Ng4 21. Rf3 g5
22. Nf5 gxh4 23. Nxd6 Rd8 24. e5 Ngxe5 25. fxe5 Nxe5 26. Nxf7 Nxf3 27. Nxd8 Nd2
28. Bd3 Bxc3 29. Rc1 Rb3 30. d6 Ra3 31. Nc6 Kf7 32. Ne7 Bb7 33. Re1 h3 34. Bf1
Nxf1 35. Rxf1+ Ke8 36. Rd1 hxg2+ 37. Kg1 Bd4+ 0-1

[Event "Wch Juvenil 2013 sub-16 femenino"]
[Site "Al-Ain UAE"]
[Date "2013.12.21"]
[Round "4.9"]
[White "Vanagaite, Giedre"]
[Black "Imanly, Magrura"]
[Result "1/2-1/2"]
[WhiteElo "2017"]
[BlackElo "1786"]
[PlyCount "46"]
[EventDate "2013.12.19"]
[EventType "swiss"]
[EventRounds "11"]
[EventCountry "UAE"]
[Source "lmi"]
[SourceDate "2013.12.19"]

1. d4 e6 2. c4 f5 3. Nf3 Nf6 4. g3 Be7 5. Bg2 d5 6. O-O O-O 7. Nc3 c6 8. b3 Ne4
9. Qc2 Nd7 10. Nd2 Ndf6 11. Bb2 Qe8 12. f3 Nxc3 13. Bxc3 Qh5 14. Qd3 Bd7 15. e4
fxe4 16. fxe4 Be8 17. Rae1 Bg6 18. Qe2 Rae8 19. Qxh5 Bxh5 20. e5 Nd7 21. Bh3
Bg5 22. Rxf8+ Kxf8 23. Bb4+ Kg8 1/2-1/2

[Event "Wch Juvenil 2013 sub-16 femenino"]
[Site "Al-Ain UAE"]
[Date "2013.12.21"]
[Round "4.10"]
[White "Osmak, Iulija"]
[Black "Machlik, Monika"]
[Result "1-0"]
[WhiteElo "2212"]
[BlackElo "1936"]
[PlyCount "81"]
[EventDate "2013.12.19"]
[EventType "swiss"]
[EventRounds "11"]
[EventCountry "UAE"]
[Source "lmi"]
[SourceDate "2013.12.19"]

1. e4 Nf6 2. e5 Nd5 3. d4 d6 4. Nf3 g6 5. Bc4 Nb6 6. Bb3 Bg7 7. O-O O-O 8. h3
Nc6 9. Qe2 Na5 10. Nc3 Nxb3 11. axb3 Bf5 12. Ne4 Qd7 13. Ng3 Be6 14. c4 c6 15.
Bf4 f6 16. exd6 exd6 17. Qd2 g5 18. Be3 Bf7 19. h4 gxh4 20. Nxh4 Bg6 21. Bf4
Rfe8 22. Rfe1 Rxe1+ 23. Rxe1 Rd8 24. Qd1 Nc8 25. Qf3 Re8 26. Rxe8+ Qxe8 27. Qg4
Kf7 28. Nhf5 Qe6 29. d5 cxd5 30. cxd5 Qe1+ 31. Kh2 Bf8 32. Ne3 Ne7 33. Qe6+ Ke8
34. Qxd6 Qxf2 35. Ng4 Qe1 36. Nxf6+ Kf7 37. Be5 Bf5 38. Nxf5 Nxf5 39. Qe6+ Kg6
40. Ne4+ Kh5 41. Qxf5+ 1-0

[Event "Wch Juvenil 2013 sub-16 femenino"]
[Site "Al-Ain UAE"]
[Date "2013.12.21"]
[Round "4.11"]
[White "Xiang, Ellen"]
[Black "Monnisha, Gk"]
[Result "1/2-1/2"]
[WhiteElo "1954"]
[BlackElo "2180"]
[PlyCount "132"]
[EventDate "2013.12.19"]
[EventType "swiss"]
[EventRounds "11"]
[EventCountry "UAE"]
[Source "lmi"]
[SourceDate "2013.12.19"]

1. d4 Nf6 2. c4 e6 3. g3 d5 4. Nf3 Bb4+ 5. Bd2 Be7 6. Bg2 O-O 7. O-O c6 8. Qc2
Nbd7 9. Rd1 b6 10. b3 Bb7 11. Nc3 Rc8 12. e4 dxe4 13. Nxe4 Nxe4 14. Qxe4 Nf6
15. Qe2 Bd6 16. Bc3 Qe7 17. Ne5 Rfd8 18. Rd3 h6 19. Rad1 a5 20. Qd2 Bb4 21. Qc2
Nd7 22. Be4 Nf6 23. Bg2 Rc7 24. Re3 Bxc3 25. Qxc3 Nd7 26. c5 bxc5 27. dxc5 Nxe5
28. Rxd8+ Qxd8 29. Rxe5 Rd7 30. Bf1 Rd1 31. Re1 Rd2 32. a3 h5 33. Re3 Rd1 34.
Re1 Rd2 35. Re3 Rd1 36. Re1 Rd2 37. h4 Bc8 38. Re5 Rd1 39. Re1 Rd2 40. Re5 Rd1
41. Kg2 f6 42. Re3 Qd5+ 43. Rf3 Qd2 44. Qxd2 Rxd2 45. Rd3 Rxd3 46. Bxd3 Kf7 47.
Bc4 Ke7 48. Be2 g6 49. Bd3 Kf7 50. b4 axb4 51. axb4 e5 52. b5 cxb5 53. Bxb5
Bb7+ 54. Kf1 Ke6 55. Be8 Be4 56. Ke2 Kd5 57. c6 Kd6 58. Ke3 Bc2 59. f4 exf4+
60. Kxf4 Bf5 61. g4 hxg4 62. h5 gxh5 63. Bxh5 g3 64. Bf3 Bc2 65. Kxg3 Ba4 66.
Kf4 Bxc6 1/2-1/2

[Event "Wch Juvenil 2013 sub-16 femenino"]
[Site "Al-Ain UAE"]
[Date "2013.12.21"]
[Round "4.12"]
[White "Chetina, Elizaveta"]
[Black "Derakhshani, Dorsa"]
[Result "0-1"]
[WhiteElo "1904"]
[BlackElo "2087"]
[PlyCount "64"]
[EventDate "2013.12.19"]
[EventType "swiss"]
[EventRounds "11"]
[EventCountry "UAE"]
[Source "lmi"]
[SourceDate "2013.12.19"]

1. e4 e5 2. Nf3 Nc6 3. Bc4 Bc5 4. c3 Nf6 5. d4 exd4 6. e5 d5 7. Bb5 Ne4 8. cxd4
Bb6 9. O-O O-O 10. Nc3 Bg4 11. Be2 f6 12. Be3 Kh8 13. exf6 Rxf6 14. Ng5 Bf5 15.
Ngxe4 dxe4 16. Bg5 Bxd4 17. Bxf6 Qxf6 18. Qb3 b6 19. Nd5 Qh6 20. Ne3 Be5 21. g3
Bh3 22. Rfd1 Rf8 23. Ng4 Bxg4 24. Bxg4 Bd4 25. Rf1 Ne5 26. h3 Nxg4 27. hxg4 Rf3
28. Qxf3 exf3 29. Rfe1 Qg6 30. Re7 h6 31. Rxc7 Qxg4 32. Kh2 Bxf2 0-1

[Event "Wch Juvenil 2013 sub-16 femenino"]
[Site "Al-Ain UAE"]
[Date "2013.12.21"]
[Round "4.14"]
[White "Dong, Alice"]
[Black "Wafa, Shrook"]
[Result "1-0"]
[WhiteElo "1903"]
[BlackElo "2010"]
[PlyCount "93"]
[EventDate "2013.12.19"]
[EventType "swiss"]
[EventRounds "11"]
[EventCountry "UAE"]
[Source "lmi"]
[SourceDate "2013.12.19"]

1. e4 c5 2. Nf3 Nc6 3. d4 cxd4 4. Nxd4 Nf6 5. Nc3 e5 6. Ndb5 a6 7. Na3 d6 8.
Bg5 b5 9. Nd5 Be7 10. Bxf6 Bxf6 11. c4 b4 12. Nc2 a5 13. g3 g6 14. Bg2 O-O 15.
O-O Bg7 16. Qd2 Ne7 17. Nde3 Qc7 18. Rfd1 Rd8 19. Rac1 Be6 20. b3 Rac8 21. a3
bxa3 22. Nxa3 f5 23. exf5 gxf5 24. Nd5 Bxd5 25. Bxd5+ Kh8 26. Be6 Rb8 27. Nb5
Qc5 28. Nxd6 Rf8 29. Nf7+ Rxf7 30. Bxf7 Rf8 31. Be6 f4 32. Qd6 Qxd6 33. Rxd6 e4
34. gxf4 Bh6 35. Rcd1 Bxf4 36. Rd8 Rxd8 37. Rxd8+ Kg7 38. Bd5 e3 39. fxe3 Bxe3+
40. Kg2 Kf6 41. Be4 h6 42. Ra8 Ke5 43. Kf3 Bd2 44. c5 Bb4 45. c6 Kd6 46. Rh8
Bd2 47. Rd8+ 1-0

[Event "Wch Juvenil 2013 sub-16 femenino"]
[Site "Al-Ain UAE"]
[Date "2013.12.21"]
[Round "4.15"]
[White "Aay, Aisyah Anisa"]
[Black "Paredes Bustamante, Paula"]
[Result "1/2-1/2"]
[WhiteElo "1900"]
[BlackElo "1994"]
[PlyCount "134"]
[EventDate "2013.12.19"]
[EventType "swiss"]
[EventRounds "11"]
[EventCountry "UAE"]
[Source "lmi"]
[SourceDate "2013.12.19"]

1. e4 c5 2. Nf3 e6 3. d4 cxd4 4. Nxd4 a6 5. Bd3 Nf6 6. O-O Qc7 7. Nc3 Nc6 8.
Nb3 b5 9. a3 Be7 10. Qe2 O-O 11. f4 d6 12. Bd2 Bb7 13. Rad1 Nd7 14. Rf3 Nc5 15.
Rh3 g6 16. e5 Nxd3 17. cxd3 Rfe8 18. Qe3 f5 19. exf6 Bxf6 20. Ne4 Bg7 21. Bc3
e5 22. Qg3 Bc8 23. Rh4 Bf5 24. fxe5 dxe5 25. Nbc5 Rad8 26. Rf1 Qe7 27. Kh1 a5
28. Bd2 Bxe4 29. Nxe4 Rf8 30. Re1 Qd7 31. Rh3 Rf5 32. Qe3 Nd4 33. Rg1 Ne6 34.
g4 Rf7 35. Bxa5 Nf4 36. Rhg3 Ra8 37. Bc3 Nd5 38. Qe2 Nxc3 39. bxc3 Qd5 40. Qg2
Qd7 41. g5 Raf8 42. Qe2 Rf4 43. Qe3 Qd5 44. R3g2 Rf3 45. Qe2 Rxd3 46. Rg3 Rxg3
47. hxg3 h6 48. Qg2 Qd7 49. Qa2+ Kh8 50. Kh2 Kh7 51. Re1 Rf5 52. Qg2 Rf8 53.
Re2 Qg4 54. Nf6+ Bxf6 55. gxf6 Qh5+ 56. Kg1 Rxf6 57. Qb7+ Kg8 58. Qd5+ Rf7 59.
Rxe5 Qf3 60. Re8+ Kh7 61. Qxf3 Rxf3 62. Kg2 Rxc3 63. Rb8 Rxa3 64. Rxb5 h5 65.
Kh3 Kh6 66. Rc5 Ra4 67. Rb5 Ra1 1/2-1/2

[Event "Wch Juvenil 2013 sub-16 femenino"]
[Site "Al-Ain UAE"]
[Date "2013.12.21"]
[Round "4.17"]
[White "Choladze, Mariam"]
[Black "Shakhmurzova, Fatima"]
[Result "1-0"]
[WhiteElo "1900"]
[BlackElo "1983"]
[PlyCount "89"]
[EventDate "2013.12.19"]
[EventType "swiss"]
[EventRounds "11"]
[EventCountry "UAE"]
[Source "lmi"]
[SourceDate "2013.12.19"]

1. e4 c5 2. Nf3 d6 3. d4 cxd4 4. Nxd4 Nf6 5. Nc3 a6 6. h3 e6 7. g4 Be7 8. g5
Nfd7 9. Rg1 b5 10. Bd3 Bb7 11. a3 Nc5 12. h4 g6 13. Be3 Nbd7 14. f4 Qc7 15. Qe2
Nb6 16. O-O-O Nba4 17. Bd2 O-O-O 18. Nxa4 bxa4 19. Bc3 e5 20. Nf3 f6 21. fxe5
fxe5 22. Bb4 d5 23. exd5 Rxd5 24. Bxc5 Rxc5 25. Bxa6 Rf8 26. Bxb7+ Kxb7 27.
Rge1 Bd6 28. Qe4+ Kb8 29. Qb4+ Ka7 30. Qxa4+ Ra5 31. Qb3 Rc8 32. Re2 Rc5 33.
Red2 Rd8 34. Ne1 e4 35. Ng2 Rb8 36. Qe3 Be5 37. b4 Qb6 38. Rd7+ Rc7 39. Qxe4
Qa6 40. Qxe5 Qxa3+ 41. Qb2 Qg3 42. Rxc7+ Qxc7 43. Qd4+ Ka8 44. Qd5+ Ka7 45. Rd3
1-0

[Event "Wch Juvenil 2013 sub-16 femenino"]
[Site "Al-Ain UAE"]
[Date "2013.12.21"]
[Round "4.18"]
[White "Zahn, Alina"]
[Black "Grgic, Neomi"]
[Result "1-0"]
[WhiteElo "1983"]
[BlackElo "1882"]
[PlyCount "71"]
[EventDate "2013.12.19"]
[EventType "swiss"]
[EventRounds "11"]
[EventCountry "UAE"]
[Source "lmi"]
[SourceDate "2013.12.19"]

1. e4 e5 2. Bc4 Nf6 3. d3 Nc6 4. Nf3 Bc5 5. c3 a6 6. O-O Ba7 7. Bb3 d6 8. Re1
h6 9. Nbd2 O-O 10. h3 Nh5 11. Nc4 Qf6 12. Ne3 Be6 13. Bxe6 fxe6 14. Ng4 Qf7 15.
Bxh6 Qg6 16. Be3 Nf4 17. Kh2 Qh5 18. Ng1 Qh7 19. Ne2 Rf7 20. Nxf4 exf4 21. Bxa7
Nxa7 22. Qb3 f3 23. Qxb7 Raf8 24. g3 c6 25. Qxa6 Qh5 26. d4 g6 27. Rh1 Rh7 28.
Kg1 Qg5 29. Qf1 Kg7 30. e5 Rfh8 31. Nf6 Rh6 32. Qa6 Nb5 33. Qb7+ Kf8 34. Qc8+
Kf7 35. Qd7+ Kf8 36. Qe8+ 1-0

[Event "Wch Juvenil 2013 sub-16 femenino"]
[Site "Al-Ain UAE"]
[Date "2013.12.21"]
[Round "4.19"]
[White "Vidic, Teja"]
[Black "Srija, Seshadri"]
[Result "1-0"]
[WhiteElo "1882"]
[BlackElo "1980"]
[PlyCount "43"]
[EventDate "2013.12.19"]
[EventType "swiss"]
[EventRounds "11"]
[EventCountry "UAE"]
[Source "lmi"]
[SourceDate "2013.12.19"]

1. e4 e5 2. Nf3 Nc6 3. d4 exd4 4. Nxd4 Bc5 5. Nb3 Bb6 6. Nc3 Nge7 7. Qe2 O-O 8.
Be3 f5 9. exf5 Bxe3 10. Qxe3 Nd5 11. Bc4 Re8 12. Bxd5+ Kh8 13. Ne4 Nb4 14.
O-O-O Qe7 15. Nc3 c6 16. Qxe7 Rxe7 17. Rhe1 Rxe1 18. Rxe1 g6 19. f6 h5 20. Re8+
Kh7 21. Bg8+ Kh6 22. f7 1-0

[Event "Wch Juvenil 2013 sub-16 femenino"]
[Site "Al-Ain UAE"]
[Date "2013.12.21"]
[Round "4.20"]
[White "Alijanzadeh, Mohadeseh"]
[Black "Assaubayeva, Diana"]
[Result "1/2-1/2"]
[WhiteElo "1846"]
[BlackElo "1974"]
[PlyCount "168"]
[EventDate "2013.12.19"]
[EventType "swiss"]
[EventRounds "11"]
[EventCountry "UAE"]
[Source "lmi"]
[SourceDate "2013.12.19"]

1. e4 e6 2. d4 d5 3. Nd2 Nf6 4. e5 Nfd7 5. c3 c5 6. Bd3 Nc6 7. Ne2 cxd4 8. cxd4
f6 9. exf6 Qxf6 10. Nf3 h6 11. O-O Bd6 12. Bb1 O-O 13. Qd3 Rd8 14. Qh7+ Kf7 15.
Ng3 Nf8 16. Qh8 Ne7 17. Nh5 Neg6 18. Nxf6 Nxh8 19. Ng4 Nhg6 20. Re1 Kg8 21.
Nge5 Nxe5 22. Nxe5 Nd7 23. Bf4 Nxe5 24. Bxe5 Bxe5 25. Rxe5 Bd7 26. Bd3 Rac8 27.
Kf1 a6 28. Ke1 Rc6 29. Kd2 Rdc8 30. Ree1 Kf7 31. a3 Kf6 32. f4 Be8 33. g4 Bg6
34. f5 exf5 35. gxf5 Bxf5 36. Bxf5 Kxf5 37. Re5+ Kf6 38. Rf1+ Kg6 39. h4 Rc2+
40. Kd3 R8c7 41. h5+ Kh7 42. Rb1 Rg2 43. Rxd5 Rcc2 44. b3 Rc7 45. Re5 g6 46.
hxg6+ Rxg6 47. d5 Kg7 48. Ke4 Rg4+ 49. Ke3 Rg3+ 50. Kd4 Rg4+ 51. Re4 Rg6 52.
Rbe1 Kf7 53. Rf1+ Kg7 54. Re6 Rf7 55. Rfe1 h5 56. d6 h4 57. Kd5 Rg5+ 58. R1e5
Rg2 59. Re7 h3 60. Ke6 Rg6+ 61. Kd7 h2 62. Rh5 Rg2 63. Rxf7+ Kxf7 64. Kc7 Rc2+
65. Kxb7 Ke6 66. Rh6+ Kd7 67. Kxa6 Rc3 68. b4 Rxa3+ 69. Kb6 Ra4 70. Kc5 Ra2 71.
Kb6 Rd2 72. Kb5 Rc2 73. Ka4 Ra2+ 74. Kb3 Rd2 75. Kc3 Rg2 76. b5 Rg4 77. Kb3
h1=Q 78. Rxh1 Kxd6 79. Rc1 Kd7 80. Rc6 Rh4 81. Rc4 Rxc4 82. Kxc4 Kc7 83. Kc5
Kb7 84. b6 Kb8 1/2-1/2

[Event "Wch Juvenil 2013 sub-16 femenino"]
[Site "Al-Ain UAE"]
[Date "2013.12.21"]
[Round "4.21"]
[White "Karimi, Yeganeh"]
[Black "Virkud, Apurva"]
[Result "1-0"]
[WhiteElo "1839"]
[BlackElo "1969"]
[PlyCount "71"]
[EventDate "2013.12.19"]
[EventType "swiss"]
[EventRounds "11"]
[EventCountry "UAE"]
[Source "lmi"]
[SourceDate "2013.12.19"]

1. e4 c5 2. Nf3 d6 3. d4 cxd4 4. Nxd4 Nf6 5. Nc3 a6 6. Bc4 e6 7. Bb3 Nbd7 8.
Bg5 Nc5 9. Qf3 Be7 10. O-O-O Qc7 11. Rhe1 O-O 12. h4 Rb8 13. h5 Ne8 14. Bf4 b5
15. e5 Bb7 16. Qg4 b4 17. Na4 Nxb3+ 18. axb3 Rc8 19. Rd2 Bd5 20. Re3 Kh8 21.
Qe2 Qb7 22. Rg3 dxe5 23. Bxe5 f6 24. Bf4 e5 25. Nf5 exf4 26. Rgd3 Be4 27. Rd7
Rxc2+ 28. Rxc2 Qxd7 29. Qxe4 Rf7 30. Nb6 Qb5 31. Rc8 Qf1+ 32. Kc2 Qxf2+ 33. Kb1
Qxb6 34. Rxe8+ Bf8 35. Qe7 Qg1+ 36. Ka2 1-0

[Event "Wch Juvenil 2013 sub-16 femenino"]
[Site "Al-Ain UAE"]
[Date "2013.12.21"]
[Round "4.22"]
[White "Fuskova, Martina"]
[Black "Munoz, Claudia"]
[Result "0-1"]
[WhiteElo "1969"]
[BlackElo "1781"]
[PlyCount "160"]
[EventDate "2013.12.19"]
[EventType "swiss"]
[EventRounds "11"]
[EventCountry "UAE"]
[Source "lmi"]
[SourceDate "2013.12.19"]

1. e4 Nf6 2. e5 Nd5 3. d4 d6 4. Nf3 Bg4 5. Be2 e6 6. O-O Be7 7. c4 Nb6 8. exd6
cxd6 9. Nc3 O-O 10. b3 Nc6 11. Be3 d5 12. c5 Nd7 13. a3 f5 14. Qd2 Bf6 15. Ne1
Bxe2 16. Nxe2 Nxc5 17. Qc2 Ne4 18. f3 Nd6 19. Rd1 Rc8 20. Qd3 Qb6 21. Nc2 Na5
22. Nb4 Nb5 23. Bc1 Be7 24. Nc2 a6 25. b4 Nc4 26. Ne3 Nbd6 27. Nf4 Nxe3 28.
Qxe3 Rf6 29. Rfe1 Re8 30. Nh5 Rg6 31. Nf4 Bg5 32. Qd3 Bxf4 33. Bxf4 Nc4 34. Re2
Rf6 35. Be5 Rff8 36. Rde1 a5 37. bxa5 Qxa5 38. Bf4 Qa6 39. Bc1 Rf6 40. Qb3 Ra8
41. Qb4 Qc6 42. Kf2 h6 43. g3 Kf7 44. h4 Ra4 45. Qb3 Qa6 46. Rc2 b5 47. Qc3 Kg8
48. Ree2 Nxa3 49. Qc8+ Kh7 50. Qxa6 Rxa6 51. Bxa3 Rxa3 52. Rc6 Rd3 53. Rb6 Rxd4
54. Rxb5 Rd1 55. Rb6 e5 56. Rb8 e4 57. Rd8 d4 58. fxe4 fxe4+ 59. Kg2 Re6 60.
Kf2 e3+ 61. Kf3 Kg6 62. Rd5 Kf6 63. g4 Re7 64. Rd8 Rd3 65. Kf4 Ke6 66. Ke4 Rd2
67. Re1 Kf6+ 68. Kf3 Rf2+ 69. Kg3 Ke5 70. g5 Ke4 71. Rd1 Rd2 72. Re1 e2 73. Kf2
Rf7+ 74. Kg2 Kd3 75. Re8 hxg5 76. hxg5 Rf5 77. g6 Rg5+ 78. Kf2 Rxg6 79. R1xe2
Rxe2+ 80. Rxe2 Rg2+ 0-1

[Event "Wch Juvenil 2013 sub-16 femenino"]
[Site "Al-Ain UAE"]
[Date "2013.12.21"]
[Round "4.24"]
[White "Lingur, Zalina"]
[Black "Shao, Stephanie"]
[Result "1-0"]
[WhiteElo "2009"]
[BlackElo "1673"]
[PlyCount "105"]
[EventDate "2013.12.19"]
[EventType "swiss"]
[EventRounds "11"]
[EventCountry "UAE"]
[Source "lmi"]
[SourceDate "2013.12.19"]

1. e4 e5 2. Nf3 Nf6 3. Nc3 Nc6 4. Bb5 Bb4 5. d3 d6 6. O-O Bxc3 7. bxc3 O-O 8.
Bg5 Bg4 9. h3 Bh5 10. g4 Bg6 11. Bxc6 bxc6 12. Nd2 d5 13. f3 Qd6 14. Nb3 Rfe8
15. Kg2 Rab8 16. Be3 a6 17. Ba7 Ra8 18. Bf2 Red8 19. Nc5 Qe7 20. Nb7 Rdb8 21.
Rb1 Nd7 22. Rb3 Nb6 23. Nc5 Qd6 24. Qa1 f6 25. Rfb1 Bf7 26. R3b2 d4 27. cxd4
exd4 28. Na4 Qd8 29. Nc5 Qd6 30. Bxd4 Qxd4 31. Rxb6 Qxa1 32. Rxb8+ Rxb8 33.
Rxa1 Rb2 34. Nxa6 Rxc2+ 35. Kg3 Rd2 36. a4 Rxd3 37. a5 Bc4 38. Nxc7 Rd7 39. a6
Rxc7 40. a7 Rxa7 41. Rxa7 Bd3 42. Rc7 Bb5 43. h4 Kf8 44. f4 Ba4 45. g5 Bc2 46.
Kf3 fxg5 47. hxg5 Ba4 48. f5 Bb5 49. Kf4 Ba4 50. e5 Kg8 51. e6 Kf8 52. f6 gxf6
53. gxf6 1-0

[Event "Wch Juvenil 2013 sub-16 femenino"]
[Site "Al-Ain UAE"]
[Date "2013.12.21"]
[Round "4.25"]
[White "Fortunata, Fransisca"]
[Black "Fiadosenka, Rahneda"]
[Result "0-1"]
[WhiteElo "2117"]
[BlackElo "1845"]
[PlyCount "87"]
[EventDate "2013.12.19"]
[EventType "swiss"]
[EventRounds "11"]
[EventCountry "UAE"]
[Source "lmi"]
[SourceDate "2013.12.19"]

1. e4 c5 2. Nc3 Nc6 3. g3 g6 4. Bg2 Bg7 5. d3 e6 6. f4 Nge7 7. Nf3 b6 8. O-O
O-O 9. Be3 Bb7 10. d4 d6 11. Qd2 Na5 12. b3 a6 13. Rad1 Qc7 14. e5 Rfd8 15. Qf2
Nf5 16. dxc5 dxe5 17. cxb6 Qxc3 18. Bd2 Qxc2 19. Bxa5 Qxd1 20. Rxd1 Rxd1+ 21.
Ne1 e4 22. Qe2 Ra1 23. Bxe4 Bd4+ 24. Kg2 Bxe4+ 25. Qxe4 Rxa2+ 26. Kh3 Rb8 27.
Nf3 Rxa5 28. Nxd4 Nxd4 29. Qxd4 Rb5 30. Qd6 R5xb6 31. Qd3 a5 32. Qc3 Rb4 33.
Kg4 R8b5 34. Qc8+ Kg7 35. Qc3+ e5 36. Kg5 Rxb3 37. Qc6 e4+ 38. Kg4 h5+ 39. Kh4
e3 40. Qd6 e2 41. Qd4+ Kh7 42. Qf6 Rb7 43. f5 R3b4+ 44. Kh3 0-1

[Event "Wch Juvenil 2013 sub-16 femenino"]
[Site "Al-Ain UAE"]
[Date "2013.12.21"]
[Round "4.27"]
[White "Mendez Tovar, Rosario Trin"]
[Black "Blagojevic, Tijana"]
[Result "0-1"]
[WhiteElo "1612"]
[BlackElo "2019"]
[PlyCount "78"]
[EventDate "2013.12.19"]
[EventType "swiss"]
[EventRounds "11"]
[EventCountry "UAE"]
[Source "lmi"]
[SourceDate "2013.12.19"]

1. d4 d5 2. c4 c6 3. Nc3 Nf6 4. Nf3 e6 5. Qc2 Nbd7 6. e3 Bd6 7. h3 a6 8. c5 Bc7
9. b4 e5 10. a4 Qe7 11. Be2 O-O 12. O-O Ne8 13. Ba3 e4 14. Nh2 Qg5 15. Kh1 f5
16. f4 exf3 17. Rxf3 Ndf6 18. b5 Ne4 19. Nxe4 fxe4 20. Rxf8+ Kxf8 21. Qd2 g6
22. b6 Bd8 23. Bg4 h5 24. Bxc8 Rxc8 25. Qf2+ Nf6 26. Rg1 Kg7 27. g4 hxg4 28.
Nxg4 Qh5 29. Qh2 Nxg4 30. Rxg4 Be7 31. Kg2 Rh8 32. Bb4 Qf5 33. Qg3 g5 34. Be1
Rf8 35. Qf2 Qe6 36. Qe2 Rf3 37. Bg3 Kg6 38. Be5 Bxc5 39. h4 Qxg4+ 0-1

[Event "Wch Juvenil 2013 sub-16 femenino"]
[Site "Al-Ain UAE"]
[Date "2013.12.21"]
[Round "4.28"]
[White "Franca, Veronika"]
[Black "Bulmaga, Elena"]
[Result "1-0"]
[WhiteElo "1965"]
[BlackElo "1820"]
[PlyCount "81"]
[EventDate "2013.12.19"]
[EventType "swiss"]
[EventRounds "11"]
[EventCountry "UAE"]
[Source "lmi"]
[SourceDate "2013.12.19"]

1. d4 Nf6 2. c4 e6 3. Nc3 Bb4 4. e3 d5 5. Bd3 O-O 6. Nf3 c5 7. O-O cxd4 8. exd4
dxc4 9. Bxc4 Nc6 10. Bg5 Be7 11. Rc1 b6 12. Qd2 Bb7 13. Rfd1 Rc8 14. Qe2 Nd5
15. Be3 Ncb4 16. a3 Nxe3 17. fxe3 Nd5 18. Ne4 h6 19. Bd3 f5 20. Nf2 Bg5 21.
Rxc8 Bxc8 22. Nxg5 Qxg5 23. Re1 Bb7 24. Nh3 Qh4 25. Bc4 Rc8 26. Bb3 Qe4 27. Nf2
Qh4 28. g3 Qg5 29. e4 f4 30. Nh3 Qf6 31. exd5 Qxd4+ 32. Qf2 Qxf2+ 33. Kxf2
fxg3+ 34. hxg3 Bxd5 35. Bxd5 exd5 36. Ke3 Rc2 37. Re2 Rxe2+ 38. Kxe2 g5 39. Kd3
Kf7 40. Kd4 Ke6 41. g4 1-0

[Event "Wch Juvenil 2013 sub-16 femenino"]
[Site "Al-Ain UAE"]
[Date "2013.12.21"]
[Round "4.29"]
[White "Rojikova, Lenka"]
[Black "Gholami Orimi, Anahita"]
[Result "1/2-1/2"]
[WhiteElo "1943"]
[BlackElo "1817"]
[PlyCount "127"]
[EventDate "2013.12.19"]
[EventType "swiss"]
[EventRounds "11"]
[EventCountry "UAE"]
[Source "lmi"]
[SourceDate "2013.12.19"]

1. e4 c5 2. Ne2 d6 3. g3 g6 4. Bg2 Bg7 5. c3 Nc6 6. O-O e6 7. d4 cxd4 8. cxd4
d5 9. e5 Nge7 10. Nbc3 O-O 11. g4 Bd7 12. Be3 Na5 13. b3 b5 14. Ng3 Rc8 15. Qd2
Qb6 16. Rac1 Nec6 17. f4 f5 18. h3 Kh8 19. Bf3 Ne7 20. h4 fxg4 21. Bxg4 Nf5 22.
Bxf5 gxf5 23. Kh1 Rg8 24. Rg1 Bf8 25. Nh5 Be7 26. Rxg8+ Rxg8 27. Rg1 Qd8 28.
Rxg8+ Qxg8 29. Qg2 Qxg2+ 30. Kxg2 Bxh4 31. Bf2 Be7 32. Kh3 b4 33. Ne2 Nc6 34.
Bh4 Bxh4 35. Kxh4 Bc8 36. Kg5 Ba6 37. Nhg3 Kg7 38. Nh5+ Kf7 39. Nhg3 Bxe2 40.
Nxe2 Kg7 41. Kh5 a5 42. Kg5 Na7 43. Nc1 Nb5 44. Ne2 h6+ 45. Kh5 Kh7 46. Kh4 Kg6
47. Kg3 Nc3 48. Nc1 Nd1 49. Nd3 Nc3 50. Nc1 Kh5 51. Kh3 Ne4 52. Nd3 Nc3 53. Nc1
Kg6 54. Kh4 Nd1 55. Nd3 Ne3 56. Ne1 Kf7 57. Kh5 Kg7 58. Kh4 Kg6 59. Kh3 h5 60.
Kg3 Nf1+ 61. Kg2 Ne3+ 62. Kg3 Nd1 63. Nd3 Nc3 64. Nc1 1/2-1/2